| 000 | 01415 a2200301 4500 | ||
|---|---|---|---|
| 003 | Nust | ||
| 005 | 20221209091550.0 | ||
| 010 | _a 89027692 | ||
| 020 | _a0070559090 : | ||
| 040 | _cNust | ||
| 082 | 0 | 0 | _a621.382,SCH |
| 100 | 1 |
_aSchwartz, Mischa. _978022 |
|
| 245 | 1 | 0 |
_aInformation transmission, modulation, and noise / _cMischa Schwartz. |
| 250 | _a4th ed. | ||
| 260 |
_aNew York : _bMcGraw-Hill _cc1990. |
||
| 300 |
_axv, 742 p. : _bill. ; _c25 cm. |
||
| 440 | 0 |
_aMcGraw-Hill series in electrical engineering _920188 |
|
| 490 | 1 | _aCommunications and signal processing | |
| 505 | _aIntroduction to Information Transmission (Page-1), Frequency Response of Linear Systems (Page-30), Digital Communication Systems (Page-95), Modulation Techniques (Page-202), Communication Networks (Page-323), Performance of Point to Point Communication Systems: Limitations Due to Noise (Page-408), Statistical Communication Theory and Digital Communications (Page-564). | ||
| 650 | 0 |
_aDigital communications. _9237 |
|
| 650 | 0 |
_aElectronic noise. _9104526 |
|
| 650 | 0 |
_aModulation (Electronics) _998248 |
|
| 650 | 0 | _aTelecommunication Engineering | |
| 830 | 0 |
_aMcGraw-Hill series in electrical engineering. _920188 |
|
| 856 | 4 | 2 |
_3Publisher description _uhttp://www.loc.gov/catdir/description/mh022/89027692.html |
| 856 | 4 | 2 |
_3Table of contents _uhttp://www.loc.gov/catdir/toc/mh021/89027692.html |
| 942 |
_2ddc _cBK |
||
| 999 |
_c182590 _d182590 |
||